Professional WordPress : (Record no. 35843)

MARC details
000 -LEADER
fixed length control field 00552nam a22001937a 4500
005 - DATE AND TIME OF LATEST TRANSACTION
control field 20240605140305.0
008 - FIXED-LENGTH DATA ELEMENTS--GENERAL INFORMATION
fixed length control field 240605b |||||||| |||| 00| 0 eng d
020 ## - INTERNATIONAL STANDARD BOOK NUMBER
ISBN 9781118987247
082 ## - DEWEY DECIMAL CLASSIFICATION NUMBER
Classification number 006.752
Item number WIL-P
100 ## - MAIN ENTRY--AUTHOR
Author Name William Brad
245 ## - TITLE STATEMENT
Title Professional WordPress :
Remainder of title Design and Development /
Statement of responsibility, etc. David Damstra
250 ## - EDITION STATEMENT
Edition statement 3rd ed.
260 ## - PUBLICATION, DISTRIBUTION, ETC.
Place of Publication USA:
Name of publisher, distributor, etc. Pearson;
Date of publication, distribution, etc. 2015.
300 ## - PHYSICAL DESCRIPTION
Pages xiv, 463 p. :
500 ## - GENERAL NOTE
General note include index.
650 ## - SUBJECT ADDED ENTRY--TOPICAL TERM
Subject / Department computer science/ web operating system
700 ## - ADDED ENTRY--PERSONAL NAME
Personal name David Damstra
300 ## - PHYSICAL DESCRIPTION
-- ill;
-- 24 cm.
952 ## - LOCATION AND ITEM INFORMATION (KOHA)
-- 0
-- 0
952 ## - LOCATION AND ITEM INFORMATION (KOHA)
-- 0
-- 0
Holdings
Lost status Damaged status Collection code Permanent Location Current Location Shelving Location Date acquired Full Call Number Accession No./Barcode Date last seen Copy number item type Koha item type
    CS/IT Superior Information Resource Center (SIRC) Superior University- Gold Campus Superior Information Resource Center (SIRC) Superior University- Gold Campus web operating system 06/05/2024 006.752 WIL-P 2015 17566 06/05/2024 1 BOOK BOOK
    CS/IT Superior Information Resource Center (SIRC) Superior University- Gold Campus Superior Information Resource Center (SIRC) Superior University- Gold Campus web operating system 06/05/2024 006.752 WIL-P 2015 17568 06/05/2024 2 BOOK BOOK

Powered by Koha